000 01042cam a2200265 a 4500
001 3545504
005 20250207200014.0
008 971106s1998 nyu 001 0aeng
020 _a0812930177 (acidfree paper)
050 0 0 _aKF373.G29
_bA33 1998
082 0 0 _a342.73/0853
_221
100 1 _aGarbus, Martin,
_d1934-
245 1 0 _aTough talk :
_bhow I fought for writers, comics, bigots, and the American way /
_cMartin Garbus with Stanley Cohen.
250 _a1st ed.
260 _aNew York :
_bTimes Books,
_cc1998.
300 _ax, 307 p. ;
_c22 cm.
500 _aIncludes index.
650 0 _aLawyers
_zUnited States
_xBiography.
650 0 _aFreedom of speech
_zUnited States.
700 1 _aCohen, Stanley,
_d1934-
856 4 2 _3Contributor biographical information
_uhttp://www.loc.gov/catdir/bios/random058/97046346.html
856 4 1 _3Sample text
_uhttp://www.loc.gov/catdir/samples/random044/97046346.html
856 4 2 _3Publisher description
_uhttp://www.loc.gov/catdir/description/random0411/97046346.html
942 _2lcc
_cBK
_n0
999 _c3613
_d3613